000 00794nam a2200253Ia 4500
003 OSt
005 20220918171634.0
006 a|||||r|||| 00| 0
007 ta
008 220917b |||||||| |||| 00| 0 eng d
020 _a9788120835351 (hbk)
_cINR 295.00
024 _a326,651
037 _b54500, 08/03/2018, Segment Book Distributors
_cTextual
040 _aARTS
_cARTS
_beng
041 _2eng
_aeng
082 _aP15:3, 111Q0
100 _aDouglas Paul Au.
_937932
245 0 _aSanskrit and the advaitic view of truth
260 _aDelhi
_bMotilal Banarsidass India
_c2010
300 _aviii,116p.
_ccm.
650 _aLINGUISTICS
942 _hP15:3, 111Q0
_cTEXL
_2CC
999 _c140605
_d140605